000 00334nam a2200169Ia 4500
100 _aSierra/kathy/ Bates/Best
650 _aJava
250 _a2
942 _cBK
366 _f20
654 _ajava
245 _aHead first java
260 _bOrielly
_c2008
082 _a005.133 J/SIE
_bSIE
546 _aENGLISH
999 _c29811
_d29811